• 首页
  • 本馆介绍
  • 公告通知
  • 最新文献
  • 馆藏检索
  • 电子资源
  • 读者导购
  • 参考咨询
  • 我的图书馆
  • 登录
  • 详细信息显示
  • 放入我的书架
  • 预约/预借图书
  • 作者相关作品
  • 分类相关作品
  • 丛书相关作品
  • 出版社相关作品

书目信息

  • 表格格式
  • 工作单格式
  • 卡片格式
题名:
潜意识与决策
    
 
作者: 佩利 著 ;王思策 译
分册:  
出版信息: 北京   机械工业出版社  2018
页数: 10,252页
开本: 21cm
丛书名:
单 册:
中图分类: B842.7
科图分类:
主题词: 下意识--研究
电子资源:
ISBN: 978-7-111-60256-9
000 01171nam0 2200289 450
001 0036301569
005 20180918092543.0
010    @a978-7-111-60256-9@b@dCNY40.00
100    @a20180918d2018 em y0chiy50 ea
101 1  @achi@ceng
102    @aCN@b110000
105    @ay z 000yy
106    @ar
200 1  @a潜意识与决策@9qian yi shi yu jue ce@e泄露心思的无声告白@dUnthink@eand how to harness the power of your unconscious@f(英)克里斯·佩利(Chris Paley)著@g王思策译@zeng
210    @a北京@c机械工业出版社@d2018
215    @a10,252页@c@d21cm
305    @a由光磊国际版权经纪有限公司授权出版
330    @a本书将解释为什么我们被欺骗,潜意识怎样影响决策,如何利用潜意识做一些至关重要的决定,并指导你如何善加运用潜意识和意识,更好地了解自己和他人,进而更好地理解我们的决策和生活。
510 1  @aUnthink@eand how to harness the power of your unconscious@zeng
517 1  @a泄露心思的无声告白@9xie lou xin si de wu sheng gao bai
606 0  @a下意识@x研究
690    @aB842.7@v5
701  0 @c(英)@a佩利@9pei li@c(Paley, Chris)@4著
702  0 @a王思策@9wang si ce@4译
801  0 @aCN@bMUSE@c20181206@g
905    @aBZT@dB842.7@e10
906    @dCNY40.00@n3@r1
    
    潜意识与决策:泄露心思的无声告白=Unthink:and how to harness the power of your unconscious/(英)克里斯·佩利(Chris Paley)著/王思策译.-北京:机械工业出版社,2018
    10,252页;21cm
    
    
    ISBN 978-7-111-60256-9:CNY40.00
    本书将解释为什么我们被欺骗,潜意识怎样影响决策,如何利用潜意识做一些至关重要的决定,并指导你如何善加运用潜意识和意识,更好地了解自己和他人,进而更好地理解我们的决策和生活。
●
相关链接 在五车中查询图书 在当当中查询图书 在豆瓣中查询图书


正题名:潜意识与决策     索取号:B842.7/10         预约/预借

序号 登录号 条形码 馆藏地/架位号 状态 备注
1 855550   2000855550   第二书库/ [索取号:B842.7/10] 在馆    
2 855551   2000855551   第二书库/ [索取号:B842.7/10] 在馆    
3 855552   2000855552   第二书库/ [索取号:B842.7/10] 在馆    
山东省滨州职业学院图书馆 欢迎您!
大连网信软件有限公司© 版权所有